Countries by Past Colonizer - Statistics

General Stats
  • This quiz has been taken 49 times
  • The average score is 13 of 15
Answer Stats
Country Colonizer % Correct
Mali France
95%
Austria Germany
95%
Eritrea Italy
95%
Brazil Portugal
95%
DR Congo Belgium
93%
Guatemala Spain
93%
North Korea Japan
90%
Myanmar United Kingdom
90%
Indonesia Netherlands
88%
Turkmenistan Soviet Union
85%
Hungary Austria-Hungary
83%
Bosnia & Herzegovina Yugoslavia
78%
Slovakia Czechoslovakia
73%
Turkey Ottoman Empire
70%
Namibia South Africa
65%
No matching quizzes found
Score Distribution
Percent of People with Each Score
Percentile by Number Answered
Your Score History
You have not taken this quiz